000 01113nam a22003497a 4500
003 CHAP
005 20220329143751.0
008 110729s2003 us a r 00010 eng d
010 _a101652
011 _a102624
020 _a9783642055935
035 _a113313
040 _cCHAP
082 0 4 _a536.6
_bH68 2003
100 1 _aHöhne, G. W. H.
_957125
245 1 0 _aDifferential scanning calorimetry
_c/por G. W. H. Höhne, W. Hemminger, H. J. Flammersheim
250 _a2 ed.
260 _aNew York :
_bSpringer,
_c2003
300 _alX, 298 p. :
_bilus.,tablas
590 _aBATCH-UPD
_b10
_c20130110
_lUCH01
_h1113
590 _aBATCH-UPD
_b10
_c20130410
_lUCH01
_h0704
590 _aBATCH-UPD
_b10
_c20130914
_lUCH01
_h0819
590 _aCONVERSION
_b10
_c20130109
_lUCH01
_h1356
650 1 4 _aCalor.
_917570
650 1 4 _aCalorímetros y calorimetría.
_917580
650 1 4 _aQuímica
_xReacciones.
_993572
700 1 _aFlammersheim, H. J.
_941220
700 1 _aHemminger, W. F.
_953508
901 _aBK
942 _cLIBRO
949 _a536.6 H68 2003
_bBC
_cLIBRO
_d33724002246629
_eLIBRO
_h115408
_i113313
_si
999 _c101652
_d101652